Name all the Alolan forms - Statistics

General Stats
  • This quiz has been taken 39 times
  • The average score is 17 of 18
Answer Stats
Type Answer % Correct
Ice/Steel Sandslash
100%
Fire/Ghost Marowak
97%
Electric/Psychic Raichu
97%
Dark/Normal Raticate
97%
Ice/Steel Sandshrew
97%
Ice Vulpix
97%
Rock/Electric Geodude
93%
Rock/Electric Golem
93%
Rock/Electric Graveler
93%
Poison/Dark Grimer
93%
Dark Meowth
93%
Poison/Dark Muk
93%
Ice/Fairy Ninetales
93%
Dark Persian
93%
Dark/Normal Rattata
93%
Ground/Steel Diglett
90%
Ground/Steel Dugtrio
90%
Grass/Dragon Exeggutor
90%
No matching quizzes found
Score Distribution
Percent of People with Each Score
Percentile by Number Answered
Your Score History
You have not taken this quiz